| 000 | 03119nam0a2200505 4500 | ||
|---|---|---|---|
| 001 | RU\NLR\BIBL_A\012551193 | ||
| 005 | 20260406104758.0 | ||
| 010 |
_a978-5-8291-2398-7 _91000 |
||
| 035 | _a(NLR Aleph) 012551193 | ||
| 090 |
_a12430332 _c12430332 |
||
| 100 | _a20210622d2019 k y0rusy50 ca | ||
| 101 | 0 | _arus | |
| 102 | _aRU | ||
| 105 | _ac|||z|||010zb | ||
| 181 | 0 |
_ai3 _bab2e |
|
| 182 | 0 | _an | |
| 200 | 1 |
_aФилософия войны и мира, насилия и ненасилия _eмонография _eк 190-летию со дня рождения Л.Н. Толстого _f[С.Н. Борисов, П. Боянич, В.В. Варава и др.] _gпод ред. В.П. Римского _gБелгородский государственный институт искусств и культуры |
|
| 203 |
_aТекст _bвизуальный _cнепосредственный |
||
| 210 |
_aМосква _cАкадемический Проект _d2019 |
||
| 215 |
_a462, [2] с. _cпортр. _d22 |
||
| 225 | 1 |
_aФилософские технологии _fред. совет: ... В.С. Степин (акад. РАН, пред. совета) [и др.] |
|
| 300 | _aАвт. указаны на обороте тит. с. в макете | ||
| 300 | _aНа с. 459-460 авт.: ... Борисов С.Н. - д-р филос. наук, проф., Боянич Петар - д-р философии, проф., Варава В.В. - д-р филос. наук, проф. [и др.] | ||
| 320 | _aБиблиогр. в подстроч. примеч. | ||
| 600 | 1 |
_aТолстой _bЛ. Н. _gЛев Николаевич _f1828 - 1910 _xФилософские взгляды _jСборники _2nlr_sh1 _2nlr_sh2 _3RU\NLR\AUTH\66970813 |
|
| 606 | 1 |
_aВойна и мир, проблема _xФилософские вопросы _jСборники _2nlr_sh1 _2nlr_sh2 _3RU\NLR\AUTH\661302765 |
|
| 606 | 1 |
_aНасилие _xСоциально-философские вопросы _jСборники _2nlr_sh1 _2nlr_sh2 _3RU\NLR\AUTH\661309048 |
|
| 686 | 1 | _aЮ252:Ц01я43 | |
| 686 | 1 | _aС550.518я43 | |
| 686 | 1 | _aЮ6я43 | |
| 686 | 1 | _aЮ3(2)6-630я43 | |
| 686 | 2 | _aШ5(2=Р)52-4Толстой3 | |
| 701 | 1 |
_aБорисов _bС. Н. _cд-р филос. наук _gСергей Николаевич _3RU\NLR\AUTH\7742883 |
|
| 701 | 1 |
_aБоянич _bП. _f1964- _gПетар |
|
| 701 | 1 |
_aВарава _bВ. В. _f1967- _gВладимир Владимирович _3RU\NLR\AUTH\7753249 |
|
| 702 | 1 |
_aТолстой _bЛ. Н. _f1828-1910 _gЛев Николаевич _3RU\NLR\AUTH\771515 _4570 |
|
| 702 | 1 |
_aРимский _bВ. П. _cд-р филос. наук, писатель _f1955- _gВиктор Павлович _3RU\NLR\AUTH\770291946 _4340 |
|
| 712 | 0 | 2 |
_aБелгородский государственный институт искусств и культуры _3RU\NLR\AUTH\880434523 _4570 |
| 942 | _cBOOK | ||
| 980 | _aNBR | ||
| 980 | _aNB | ||